Eficacia organizacional: concepto, desarrollo y evaluación

Uloženo v:
Podrobná bibliografie
Hlavní autoři: Fernández-Ríos, Manuel (autor), Sánchez, José Carlos (Autor)
Médium: Kniha
Jazyk:španělština
Vydáno: Madrid Díaz de Santos 1997
Témata:
Tagy: Přidat tag
Žádné tagy, Buďte první, kdo vytvoří štítek k tomuto záznamu!

MARC

LEADER 00000nam a2200000 a 4500
001 UCO4350
003 CL-VaPUC
008 000804e19970000SP |||||||||||||||||spa|d
082 0 4 |a 658.402  |b FER  |2 21 
100 |a Fernández-Ríos, Manuel  |e autor  |9 546628 
700 0 |a Sánchez, José Carlos  |e author  |9 448816 
245 1 0 |a Eficacia organizacional: concepto, desarrollo y evaluación 
300 |a 340 p 
942 |c BK 
945 |d 20000804 00:00:00  |a rbrito 
260 |a Madrid  |b Díaz de Santos  |c 1997 
650 0 |a Gestión administrativa  |9 375217 
650 0 |a Organización  |9 256369 
650 0 |a Calidad total  |9 259929 
650 0 |a Liderazgo  |9 271835 
583 |a last modification  |c 20000804 00:00:00  |k Rodrigo Vera 
999 |c 290404  |d 290402 
952 |0 0  |1 0  |4 0  |6 658_402000000000000_FER_1997  |7 0  |8 A  |9 339785  |a BIBEDU  |b BIBEDU  |d 2019-11-20  |i 3637220  |o 658.402 FER 1997  |p 3637220  |r 2019-11-20  |w 2019-11-20  |y BK  |k EPE